000 00619nam a2200205 i 4500
001 98279
003 ES-MaACL
005 20240526062940.0
007 t|
008 050727s1975 sp ||||1| spa d
100 1 _aMarrodán, Mario Ángel,
_d1932-2005
_977080
245 1 0 _aSubstancia de la edad /
_cMario Angel Marrodán.
260 _aLa Carolina (Jaén) :
_b[s.n.],
_c1975 (
_fGraf. Orbara)
300 _a70 p. ;
_c21 cm.
490 1 _aLa peñuela ;
_v4
830 3 3 _aLa peñuela (Serie) ;
_v4
_9236651
852 _aES-MaACL
_jE-8171
_bR.92449
_9101919
942 _2udc
999 _c98279
_d98279